Small mouse big city / (Record no. 6934)

MARC details
000 -LEADER
fixed length control field 01063nam a22002897a 4500
001 - CONTROL NUMBER
control field 6934
003 - CONTROL NUMBER IDENTIFIER
control field FISKH
005 - DATE AND TIME OF LATEST TRANSACTION
control field 20250610153320.0
008 - FIXED-LENGTH DATA ELEMENTS--GENERAL INFORMATION
fixed length control field 250610b cb ||||| |||| 00| 0 eng d
020 ## - INTERNATIONAL STANDARD BOOK NUMBER
International Standard Book Number 9780545552936
040 ## - CATALOGING SOURCE
Original cataloging agency FISKH
Language of cataloging eng
Transcribing agency FISKH
Modifying agency FISKH
050 ## - LIBRARY OF CONGRESS CALL NUMBER
Classification number PZ10.3 P
082 ## - DEWEY DECIMAL CLASSIFICATION NUMBER
Classification number 823.92
100 ## - MAIN ENTRY--PERSONAL NAME
Personal name Prescott, Simon
245 ## - TITLE STATEMENT
Title Small mouse big city /
Statement of responsibility, etc. Simon Prescott
250 ## - EDITION STATEMENT
Edition statement First Scholastic printing, February 2013.
260 ## - PUBLICATION, DISTRIBUTION, ETC.
Place of publication, distribution, etc. New York :
Name of publisher, distributor, etc. Scholastic,
Date of publication, distribution, etc. 2009.
300 ## - PHYSICAL DESCRIPTION
Extent 30 unnumbered pages :
Other physical details color illstrations ;
Dimensions 18 x 26 cm
505 ## - FORMATTED CONTENTS NOTE
Formatted contents note J<br/>
520 ## - SUMMARY, ETC.
Summary, etc. Country Mouse is going on an adventure! He's leaving his quiet countryside to stay with his friend in the Big City. The city is amazing! The city is magnificent! But when Country Mouse looks across the rooftops and sees the green hills of his home, he begins to feel sad.
521 8# - TARGET AUDIENCE NOTE
Target audience note 440<br/>
Source Lexile AD<br/>
521 8# - TARGET AUDIENCE NOTE
Target audience note J<br/>
Source Raz-Plus<br/>
650 ## - SUBJECT ADDED ENTRY--TOPICAL TERM
Topical term or geographic name entry element Animals
Form subdivision Friendship
General subdivision Mouse
650 ## - SUBJECT ADDED ENTRY--TOPICAL TERM
Topical term or geographic name entry element Picture book
Form subdivision Pets
942 ## - ADDED ENTRY ELEMENTS (KOHA)
Source of classification or shelving scheme Dewey Decimal Classification
Koha item type Books
Suppress in OPAC No
Holdings
Withdrawn status Lost status Source of classification or shelving scheme Damaged status Not for loan Collection Home library Current library Shelving location Date acquired Total Checkouts Full call number Barcode Date last seen Date last checked out Copy number Price effective from Koha item type
    Dewey Decimal Classification     Juvenile Fiction Footprints International School Library Network Toul Kork Campus Footprints International School Library Network Toul Kork Campus TK Primary Library Room(4th Floor), Bookcase 1&2, Shelves 1-16, Dark Blue Books 06/10/2025 2 PRE 823.92 PZ10.3 P FISTK04053 04/09/2026 03/26/2026 1 06/10/2025 Books